header

Teaching geographic information science and technology in higher education (Record no. 236455)

MARC details
000 -LEADER
fixed length control field 01258nam a2200301 a 4500
082 04 - DEWEY DECIMAL CLASSIFICATION NUMBER
Classification number 910.71/1
245 00 - TITLE STATEMENT
Title Teaching geographic information science and technology in higher education
260 ## - PUBLICATION, DISTRIBUTION, ETC. (IMPRINT)
Place of publication Chichester, West Sussex ;
-- Hoboken, N.J. :
Name of publisher Wiley Blackwell,
Year of publication 2011.
300 ## - PHYSICAL DESCRIPTION
Number of Pages xviii, 478 p.
650 #0 - SUBJECT ADDED ENTRY--TOPICAL TERM
Topical Term Geographic information systems
700 1# - ADDED ENTRY--PERSONAL NAME
Personal name Unwin, D.
856 40 - ELECTRONIC LOCATION AND ACCESS
Uniform Resource Identifier http://site.ebrary.com/lib/rucke/Doc?id=10518743

No items available.

© 2026 Rongo University
Contact us: librarian | system librarian | Rongo university